| 000 | 01274cad a22002055a 4500 | ||
|---|---|---|---|
| 001 | L137497 | ||
| 008 | 070411e20070305xxk f f000 0 eng d | ||
| 035 | _a(Sirsi) u137497 | ||
| 041 | 0 | _aeng | |
| 050 | 0 | 4 | _a352.007 $2 18 |
| 110 | 1 |
_aUnited Kingdom _bHouse of Commons _bCommunities and Local Government Committee _95160 |
|
| 245 | 0 | 0 |
_aIs there a future for regional government? _bfourth report of session 2006-07 _Volume I _breport _bVolume II _boral and supplementary written evidence _h[electronic resource] |
| 260 |
_aLondon _bThe Stationery Office Limited _c2007 |
||
| 490 | 0 |
_aHC 352-I _bHC 352-II _b[Incorporating HC 977-i to HC 977-viii, session 2005-06] |
|
| 520 | _aVoters in the North East of England rejected the chance of a regional assembly in a referendum in 2004 leaving doubts about the future direction of UK government regional policy. The Committee sought to probe these doubts by asking two major questions: how does the current system of regional governance actually work?; what role would city regions play in the future development of regional policy? | ||
| 590 | _aKA | ||
| 651 | 4 |
_aEngland _y886- |
|
| 856 | 4 | 0 |
_uhttps://www.publications.parliament.uk/pa/cm/cmcomloc.htm _zView the item free of charge at www.publications.parliament.uk... |
| 942 | _n0 | ||
| 999 |
_c106799 _d106799 |
||